A Mixed Satellite/Terrestrial Dab Concept and Related Studies in Canada (Record n. 84287)

Dettagli MARC
000 -LEADER
fixed length control field 01063nam a2200289Ia 4500
001 - CONTROL NUMBER
control field F0343
003 - CONTROL NUMBER IDENTIFIER
control field IT-RoPAU
008 - FIXED-LENGTH DATA ELEMENTS--GENERAL INFORMATION
fixed length control field 130308s9999 xx 000 0 und d
040 ## - CATALOGING SOURCE
Original cataloging agency IT-RoPAU
040 ## - CATALOGING SOURCE
Transcribing agency IT-RoPAU
041 ## - LANGUAGE CODE
Language code of text/sound track or separate title INGLESE
100 ## - MAIN ENTRY--PERSONAL NAME
Personal name Zeitoun Ralph
100 ## - MAIN ENTRY--PERSONAL NAME
Miscellaneous information Codice Aut. SPICS: 50160
245 #2 - TITLE STATEMENT
Title A Mixed Satellite/Terrestrial Dab Concept and Related Studies in Canada
245 ## - TITLE STATEMENT
Remainder of title First International Simposium On Digital Audio Broadcasting
250 ## - EDITION STATEMENT
Edition statement 1a ed.
260 ## - PUBLICATION, DISTRIBUTION, ETC. (IMPRINT)
Place of publication, distribution, etc. SVIZZERA
260 ## - PUBLICATION, DISTRIBUTION, ETC. (IMPRINT)
Name of publisher, distributor, etc. European Broadcasting Union
260 ## - PUBLICATION, DISTRIBUTION, ETC. (IMPRINT)
Date of publication, distribution, etc. 1992 [1° Ed.:1992 - Ed.Ling.Originale:1992]
300 ## - PHYSICAL DESCRIPTION
Extent "12 p. (prefazione: no ; testo: 12 [pagine: 223-234])"
500 ## - GENERAL NOTE
General note Concetto di Radio Diffusione Digitale via satellite e via terra e Ricerchecorrelate in Canada. Concetto di Diffusione Ibrida via satellite e Terrestre: Vantaggi, Esperimenti e Risultati. Realizzazione della Radio Diffusionedigitale.
650 ## - SUBJECT ADDED ENTRY--TOPICAL TERM
Topical term or geographic name as entry element TECNICA RADIOFONICA
650 ## - SUBJECT ADDED ENTRY--TOPICAL TERM
Relator term Codice materia Spics: 6902
942 ## - ADDED ENTRY ELEMENTS (KOHA)
Koha item type LIBRO
957 ## -
-- 1
999 ## - SYSTEM CONTROL NUMBERS (KOHA)
-- 1
Dati di copia
Withdrawn status Lost status Damaged status Not for loan Home library Current library Date acquired Total Checkouts Full call number Date last seen Price effective from Koha item type Public note
    Buone Condizioni Not For Loan SPICS-MEDIATECA SPICS-MEDIATECA 08/03/2013   F0343 08/03/2013 08/03/2013 LIBRO Progressivo inserimento: 42777 / N. Volumi: 0 [=Contributo] Copie: 1 / data import: 1 marzo 2013 - By Epidotti, Trombetti, Vaglietti.
CREDITS: SOCIETA' SAN PAOLO Via A.Severo, 58 - ROMA (RM) & PERIODICI SAN PAOLO SRL Via Giotto, 36 MILANO & CISF Via Giotto, 36 MILANO & EDIZIONI SAN PAOLO SRL,  Piazza Soncino, 5 CINISELLO BALSAMO (MI) -- ITALY